Operator algebras : theory of C* -algebras and von Neumann algebras

Saved in:
Bibliographic Details
Main Author: Blackadar, Bruce
Format: Book
Language:English
Published: Berlin ; New York : Springer, c2006
Series:Encyclopaedia of mathematical sciences ; ; 122
Encyclopaedia of mathematical sciences. Operator algebras and non-commutative geometry ; ; 3
Subjects:
Tags: Add Tag
No Tags, Be the first to tag this record!

MARC

LEADER 00000nam a2200000 i 4500
001 1/38517
008 131120s2006 eng d
020 |a 978-3-540-28486-4 
020 |a 3-540-28486-9 
035 |l 10116034 
040 |a GR-MY-UA  |b gre  |e aacr 
041 0 |a eng 
082 0 |a 512.556  |2 (22) 
100 1 |a Blackadar, Bruce. 
245 1 0 |a Operator algebras :  |b theory of C* -algebras and von Neumann algebras /  |c B. Blackadar 
260 |a Berlin ; New York :   |b Springer,   |c c2006 
300 |a xx, 517 σ.;  |b εικ.;  |c 24 εκ. 
490 1 |a Encyclopaedia of mathematical sciences. Operator algebras and non-commutative geometry  |v ; 122  |v ; 3 
504 |a Βιβλιογραφία: σ.[479]-503. Ευρετήριο 
650 0 0 |a Von Neumann algebras. 
650 0 0 |a C*-algebras. 
830 0 |a Encyclopaedia of mathematical sciences ;  |v ; 122 
830 0 |a Encyclopaedia of mathematical sciences. Operator algebras and non-commutative geometry ;  |v ; 3 
852 |a INST  |b SAMOS  |e 20131120  |h 512.556 BLA  |p 005300036050  |q 005300036050  |t BK  |y 0 
901 |a BIBL3-2013-3 
909 |a Σ  |b 179464 
922 |a 3ΕΛΗ  |b 201306  |c ΤΜΗΜΑ ΜΑΘΗΜΑΤΙΚΩΝ  |d ΔΙΑΔΡΟΜΕΣ/ΔΡΕΣ 
970 |a ΚΟΣΙΕΡΗΣ  |b ΧΡΗΣΤΟΣ  |z 2013/11/20